Central Library OPAC University of Rajshahi

War and the psychological conditions of peace / (Record no. 33438)

MARC details
000 -LEADER
fixed length control field 00995nam a22003011 4500
001 - CONTROL NUMBER
control field 33438
003 - CONTROL NUMBER IDENTIFIER
rucl marc code BD-RjUL
005 - DATE AND TIME OF LATEST TRANSACTION
control field 20211209052016.0
008 - FIXED-LENGTH DATA ELEMENTS--GENERAL INFORMATION
fixed length control field 140507s1942 enk 000 0 eng c
035 ## - SYSTEM CONTROL NUMBER
System control number (BD-RjUL)33529
System control number (OCoLC)3015064
040 ## - CATALOGING SOURCE
Original cataloging agency Harvard univ. Library
Transcribing agency OC
Modifying agency FTaSU
-- DLC
-- BD-RjUL
Language of cataloging eng
041 ## - LANGUAGE CODE
Language code of text/sound track or separate title eng
082 00 - DEWEY DECIMAL CLASSIFICATION NUMBER
Classification number 172.4
Author mark and year BRW 1942
100 1# - MAIN ENTRY--PERSONAL NAME
Personal name Brown, William,
Dates associated with a name 1881-1952.
9 (RLIN) 88202
245 14 - TITLE STATEMENT
Title War and the psychological conditions of peace /
Statement of responsibility, etc. by William Brown.
250 ## - EDITION STATEMENT
Edition statement A second and enlarged edition of the author's 'War and peace.'
260 ## - PUBLICATION, DISTRIBUTION, ETC. (IMPRINT)
Place of publication, distribution, etc. London :
Name of publisher, distributor, etc. A. & C. Black,
Date of publication, distribution, etc. 1942.
300 ## - PHYSICAL DESCRIPTION
Pagination viii, 142 p. ;
Size 20 cm.
500 ## - GENERAL NOTE
General note "First published...1939. New edition, with three additional chapters, 1942."
504 ## - BIBLIOGRAPHY, ETC. NOTE
Bibliography, etc Bibliography: p. 144.
650 #0 - SUBJECT ADDED ENTRY--TOPICAL TERM
Topical term or geographic name as entry element Social psychology.
9 (RLIN) 101488
Topical term or geographic name as entry element War.
9 (RLIN) 101489
Topical term or geographic name as entry element International relations.
9 (RLIN) 101490
942 ## - ADDED ENTRY ELEMENTS (KOHA)
Source of classification or shelving scheme Dewey Decimal Classification
Koha item type Books
Holdings
Lost status Source of classification or shelving scheme Damaged status Not for loan Collection code Permanent Location Current Location Shelving location Date acquired Source of acquisition Cost, normal purchase price Total Checkouts Full call number Date last seen Copy number Koha item type
  Dewey Decimal Classification   Not For Loan Non-fiction Central Library, University of Rajshahi Central Library, University of Rajshahi Reading Room 08/03/1956 B. H. Blackwell. 0.40   172.4 BRW 1942 07/05/2014 C-1 Books